Métodos de construcción

Gardado en:
Detalles Bibliográficos
Autor Principal: Bonhomme Cerda, Santiago (Author)
Formato: Libro
Idioma:Lingua castelá
Publicado: Santiago Universitaria 1974
Edición:3a. ed
Subjects:
Tags: Engadir etiqueta
Sen Etiquetas, Sexa o primeiro en etiquetar este rexistro!

MARC

LEADER 00000nam a2200000 a 4500
001 UCU7027
003 CL-VaPUC
008 960628e19740000CL |||||||||||||||||spa|d
082 0 4 |a 690.028  |b BON  |2 21 
100 0 |a Bonhomme Cerda, Santiago  |e author  |9 365503 
245 1 0 |a Métodos de construcción 
250 |a 3a. ed 
300 |a 414 p 
942 |c BK 
945 |d 19960628 00:00:00  |a cmena 
260 |a Santiago  |b Universitaria  |c 1974 
650 0 |a Construcción  |9 260195 
650 0 |a Ingeniería civil  |9 260076 
650 0 |a Propiedades del suelo  |9 350106 
650 7 |a MECANICA DEL SUELO  |2 CL-VaPUC  |9 350104 
650 7 |a MOVIMIENTO DE TIERRAS  |2 CL-VaPUC  |9 363911 
650 7 |a EXCAVACION  |2 CL-VaPUC  |9 365504 
650 0 |a Rocas  |9 266105 
650 0 |a Elementos estructurales  |9 350100 
650 0 |a Materiales de construcción  |9 260197 
650 7 |a PAREDES  |2 CL-VaPUC  |9 365505 
650 0 |a Arcos   |9 271658 
650 0 |a Albañilería  |9 262730 
650 7 |a CONSTRUCCIONES DE MADERA  |2 CL-VaPUC  |9 365506 
650 0 |a Metales   |9 260686 
650 7 |a HORMIGON ARMADO  |2 CL-VaPUC  |9 365507 
583 |a last modification  |c 20180604 01:11:35  |k Rodrigo Vera 
999 |c 249742  |d 249740 
952 |0 0  |1 0  |4 0  |6 690_028000000000000_BON_1974  |7 0  |8 A  |9 267233  |a BIBING  |b BIBING  |d 2019-11-19  |i 1696939  |o 690.028 BON 1974  |p 1696939  |r 2025-01-20  |w 2019-11-19  |y BK  |k CCL 
952 |0 0  |1 0  |4 0  |6 690_028000000000000_BON_1974  |7 0  |8 A  |9 267234  |a BIBING  |b BIBING  |d 2019-11-19  |i 1696947  |o 690.028 BON 1974  |p 1696947  |r 2025-01-20  |w 2019-11-19  |y BK  |k CCL 
952 |0 0  |1 0  |4 0  |6 690_028000000000000_BON_1974  |7 0  |8 A  |9 267235  |a BIBING  |b BIBING  |d 2019-11-19  |i 1696955  |o 690.028 BON 1974  |p 1696955  |r 2025-01-20  |w 2019-11-19  |y BK  |k CCL